Group activities for mentally retarded children; (Record no. 21372)

MARC details
000 -LEADER
fixed length control field 01028cam a22002411 4500
001 - CONTROL NUMBER
control field e 33001446
003 - CONTROL NUMBER IDENTIFIER
control field DLC
005 - DATE AND TIME OF LATEST TRANSACTION
control field 20260227111224.0
008 - FIXED-LENGTH DATA ELEMENTS--GENERAL INFORMATION
fixed length control field 790803s1933 dcuaf 000 0 eng c
010 ## - LIBRARY OF CONGRESS CONTROL NUMBER
LC control number e 33001446
035 ## - SYSTEM CONTROL NUMBER
System control number (OCoLC)5238326
040 ## - CATALOGING SOURCE
Original cataloging agency U.S. Office of Education
Transcribing agency NGenoU
Modifying agency DLC
050 00 - LIBRARY OF CONGRESS CALL NUMBER
Classification number L111
Item number .A6 1933, no. 7
051 ## - LIBRARY OF CONGRESS COPY, ISSUE, OFFPRINT STATEMENT
Classification number LC4661
Item number .M3
082 ## - DEWEY DECIMAL CLASSIFICATION NUMBER
Classification number 371.92
100 1# - MAIN ENTRY--PERSONAL NAME
Personal name Martens, Elise H.
Fuller form of name (Elise Henrietta),
Dates associated with a name 1887-
Relator term comp.
245 10 - TITLE STATEMENT
Title Group activities for mentally retarded children;
Remainder of title a symposium,
Statement of responsibility, etc. compiled by Elise H. Martens, senior specialist in the education of exceptional children, Office of Education.
260 ## - PUBLICATION, DISTRIBUTION, ETC.
Place of publication, distribution, etc. Washington,
Name of publisher, distributor, etc. U.S. Govt. Print. Off.,
Date of publication, distribution, etc. 1933.
300 ## - PHYSICAL DESCRIPTION
Extent v, 146 p.
Other physical details front., illus. 14 pl. on 7 l.
Dimensions 23 cm.
500 ## - GENERAL NOTE
General note At head of title: United States Department of the Interior. Harold L. Ickes, secretary. Office of Education, William John Cooper, commissioner.
504 ## - BIBLIOGRAPHY, ETC. NOTE
Bibliography, etc. note Includes bibliographies.
650 #0 - SUBJECT ADDED ENTRY--TOPICAL TERM
Topical term or geographic name entry element Children with mental disabilities
General subdivision Education.

No items available.

Powered by Koha